书目信息 |
| 题名: |
三江并流区地貌发育与环境效应
|
|
| 作者: | 明庆忠 著 | |
| 分册: | ||
| 出版信息: | 北京 科学出版社 2007.03 |
|
| 页数: | 200页 | |
| 开本: | 26cm | |
| 丛书名: | ||
| 单 册: | ||
| 中图分类: | X144 | |
| 科图分类: | ||
| 主题词: | 环境地貌学--huan jing di mao xue--研究--云南省 | |
| 电子资源: | ||
| ISBN: | 978-7-03-018590-7 | |
| 000 | 00861nam0 2200241 450 | |
| 001 | 012007034334 | |
| 005 | 20071109133810.60 | |
| 010 | @a978-7-03-018590-7@dCNY45.00 | |
| 100 | @a20071109d2007 km y0chiy0120 ea | |
| 101 | 0 | @achi |
| 102 | @aCN@b110000 | |
| 105 | @aa a 000yy | |
| 106 | @ar | |
| 200 | 1 | @a三江并流区地貌发育与环境效应@Asan jiang bing liu qu di mao fa yu yu huan jing xiao ying@f明庆忠著@Fming qing zhong zhu |
| 210 | @a北京@c科学出版社@d2007.03 | |
| 215 | @a200页@c图@d26cm | |
| 320 | @a有书目。 | |
| 330 | @a全球变化及其区域响应是当今地球系统科学等研究的热点问题。本书是作者多年来的研究成果,较系统地阐述了研究区河谷地貌与环境演化的地质问题。 | |
| 606 | 0 | @a环境地貌学@Ahuan jing di mao xue@x研究@y云南省 |
| 690 | @aX144@v4 | |
| 701 | 0 | @a明庆忠@Aming qing zhong@4著 |
| 801 | 0 | @aCN@b@c20071109 |
| 905 | @b267668-70@dX144@eM808@f3 | |
| 三江并流区地貌发育与环境效应/明庆忠著.-北京:科学出版社,2007.03 |
| 200页:图;26cm |
| ISBN 978-7-03-018590-7:CNY45.00 |
| 全球变化及其区域响应是当今地球系统科学等研究的热点问题。本书是作者多年来的研究成果,较系统地阐述了研究区河谷地貌与环境演化的地质问题。 |
| ● |
| 相关链接 |
|
|
|
正题名:三江并流区地貌发育与环境效应
索取号:X144/M808
 
预约/预借
| 序号 | 登录号 | 条形码 | 馆藏地/架位号 | 状态 | 备注 |
| 1 | 267668 | 202676684 | 期刊室512/501自科库 62排5列5层/ [索取号:X144/M808] | 在馆 | |
| 2 | 267669 | 202676693 | 自科库501/501自科库 62排5列5层/ [索取号:X144/M808] | 在馆 | |
| 3 | 267670 | 202676700 | 自科库501/501自科库 62排5列5层/ [索取号:X144/M808] | 在馆 |